000 00258nam a2200109Ia 4500
008 190912s9999||||xx |||||||||||||| ||und||
100 _aLeslie Lafayette
245 0 _aWhy Don't You have Kids?
260 _aUSA
_bMcGraw-Hill
_c1995
300 _a298
942 _cBK
999 _c7398
_d7398